000 00697cam a2200205 a 4500
001 000019767
005 20240508200520.0
008 100706s1989 cu 000 0 spa d
040 _aDO-SdBNP
_bspa
_cBNPHU
082 _a341.775
_bC374u
245 0 0 _aCausa 1/89 :
_bfin de la conexión cubana. /
_cprólogo Narciso Isa Conde.
246 1 _aNarcotráfico, crimen sin fronteras
260 _aLa Habana, Cuba :
_bJosé Martí,
_c1989.
300 _a473 p. :
_bil. ;
_c20 cm.
500 _aIncluye notas al pie de las páginas.
650 0 _aDerecho internacional
_93258
650 4 _aControl de drogas y narcóticos
_924289
700 1 _aIsa Conde, Narciso,
_d1942-
_epról.
_912387
049 _aBNGR
999 _c19281
_d19281